000 00732nam a2200277Ia 4500
005 20260320195743.0
008 008 262003s9999 xx 000 0 hin d
020 _a9788126725496
037 _aEBOOK
040 _aCRL
040 _bhin
040 _cCRL
041 _2hin
041 _ahin
084 _qCRL
100 _aअखिलेश, सं. पंकज मित्रा
_91133010
245 0 _aकहानियाँ रिश्तों की : गाँव-घर
250 _a1st
260 _bRajkamal
260 _c2014
300 _a144
856 _uhttps://ebook.indiaread.in/pdfs/gaon-ghar_by_pankaj_mitra-10.pdf
942 _cEBOOK
999 _c1716315
_d1716315